International journal of crime, criminal justice, and law. (Record no. 1557)

MARC details
000 -LEADER
fixed length control field 01634cas a2200433 a 4500
001 - CONTROL NUMBER
control field data
005 - DATE AND TIME OF LATEST TRANSACTION
control field 20260322212106.0
008 - FIXED-LENGTH DATA ELEMENTS--GENERAL INFORMATION
fixed length control field data
010 ## - LIBRARY OF CONGRESS CONTROL NUMBER
LC control number 2007391245
019 ## -
-- 226070698
022 ## - INTERNATIONAL STANDARD SERIAL NUMBER
International Standard Serial Number 0973-5232
023 0# - CLUSTER ISSN
Cluster ISSN 0973-5232
025 ## - OVERSEAS ACQUISITION NUMBER
Overseas acquisition number I-E-E-2007-391245; 71-01
029 1# - OTHER SYSTEM CONTROL NUMBER (OCLC)
OCLC library identifier AU@
System control number 000041575581
035 ## - SYSTEM CONTROL NUMBER
System control number (OCoLC)123630565
040 ## - CATALOGING SOURCE
Original cataloging agency DLC
Language of cataloging eng
Transcribing agency DLC
Modifying agency OCLCQ
-- OCLCQ
-- OCLCF
-- OCLCO
-- OCLCA
-- OCLCL
-- OCLCQ
042 ## - AUTHENTICATION CODE
Authentication code pcc
043 ## - GEOGRAPHIC AREA CODE
Geographic area code a-ii---
050 00 - LIBRARY OF CONGRESS CALL NUMBER
Classification number KNS3793.6
Item number .I58
245 00 - TITLE STATEMENT
Title International journal of crime, criminal justice, and law.
260 ## - PUBLICATION, DISTRIBUTION, ETC.
Place of publication, distribution, etc. New Delhi :
Name of publisher, distributor, etc. Serials Publications,
Date of publication, distribution, etc. 2006-
300 ## - PHYSICAL DESCRIPTION
Extent v. ;
Dimensions 25 cm.
310 ## - CURRENT PUBLICATION FREQUENCY
Current publication frequency Semiannual
362 0# - DATES OF PUBLICATION AND/OR SEQUENTIAL DESIGNATION
Dates of publication and/or sequential designation Vol. 1, issue 1 (June 2006)-
500 ## - GENERAL NOTE
General note Title from cover.
592 ## -
-- Acquired via LC overseas office. New Delhi Field Office. Most recent issues may not yet be available in LC Washington.
650 #0 - SUBJECT ADDED ENTRY--TOPICAL TERM
Topical term or geographic name entry element Criminal law
Geographic subdivision India.
650 #0 - SUBJECT ADDED ENTRY--TOPICAL TERM
Topical term or geographic name entry element Criminal law.
650 #7 - SUBJECT ADDED ENTRY--TOPICAL TERM
Topical term or geographic name entry element Criminal law.
Source of heading or term fast
Authority record control number or standard number (OCoLC)fst00883328
651 #7 - SUBJECT ADDED ENTRY--GEOGRAPHIC NAME
Geographic name India.
Source of heading or term fast
Authority record control number or standard number (OCoLC)fst01210276
Real World Object URI https://id.oclc.org/worldcat/entity/E39PBJmdx47cDXrRhBXHtbvPwC
710 2# - ADDED ENTRY--CORPORATE NAME
Corporate name or jurisdiction name as entry element Serials Publications (Firm : Delhi, India)
Real World Object URI https://id.oclc.org/worldcat/entity/E39QH7JmrTqKCxrWVTh6gg6wxt
859 01 - LOCAL CONTROL INFORMATION (RLIN)
-- mailto:[email protected]
859 41 - LOCAL CONTROL INFORMATION (RLIN)
-- http://www.serialspub.com
906 ## - LOCAL DATA ELEMENT F, LDF (RLIN)
a 7
b cbc
c serials
d 3
e ncip
f 20
g n-oclcserc
925 0# -
-- Acquire
-- 1 shelf copy
-- New Delhi Field Office
955 ## - COPY-LEVEL INFORMATION (RLIN)
-- dd77 2007-07-24
-- dd77 2007-07-24 to LAW
-- dd77 2007-07-24 to LAW
Holdings
Withdrawn status Lost status Damaged status Not for loan Home library Current library Shelving location Date acquired Total checkouts Full call number Barcode Date last seen Price effective from Koha item type
        Liberty Liberty General stacks 22/03/2026   KNS3793.6 LOC-LPL-00020 22/03/2026 22/03/2026 Books